Biblioteca

Darwinian fairytales : (Registro nro. 67546)

Detalles MARC
000 -LÍDER
Campo fijo de descripción fija 02101cam a2200361 i 4500
001 - NÚMERO DE CONTROL
Campo de control 768714001
003 - IDENTIFICADOR DEL NÚMERO DE CONTROL
Campo de control CO-MdFUSB
005 - FECHA Y HORA DE LA ULTIMA TRANSACCIÓN
control field 20220326083209.0
007 - CAMPO FIJO DE DESCRIPCIÓN FIJA--INFORMACIÓN GENERAL
Campo fijo de descripción fija ta
008 - ELEMENTOS DE LONGITUD FIJA -- INFORMACIÓN GENERAL
Campo fijo de descripción fija -- Información general 051118t20061995nyu b 001 0 eng
020 ## - NÚMERO INTERNACIONAL NORMALIZADO PARA LIBROS
Número Internacional Normalizado del libro 1594032009
040 ## - FUENTE DE CATALOGACIÓN
Agencia de catalogación original DLC
Agencia que realiza la transcripción CO-MdFUSB
Agencia que realiza la modificación YDX
-- BAKER
-- UtOrBLW
Idioma de catalogación spa
Convenciones de la descripción rda
041 ## - CÓDIGO DE IDIOMA
Código de idioma para texto/pista de sonido o título separado eng
082 ## - NÚMERO DE CLASIFICACIÓN DECIMAL DEWEY
Número de la edición del Dewey 23
Número de clasificación 303.4
Clave de autor-Numero de item ST889
100 1# - ASIENTO PRINCIPAL--NOMBRE PERSONAL
Nombre personal Stove, D. C.
Término relacionador autor
245 10 - TÍTULO
Título del Material Darwinian fairytales :
Parte restante del título - Subtitulo selfish genes, errors of heredity, and other fables of evolution /
Mención de responsabilidad, etc. David Stove ; introducción por Roger Kimball.
264 #1 - PRODUCCIÓN, PUBLICACIÓN, DISTRIBUCIÓN, MANUFACTURA, Y COPYRIGHT
Lugar de producción, publicación, distribución, manufactura New York :
Nombre del productor, publicador, distribuidor Encounter Books,
Fecha de producción, publicación, distribución, manufactura, o copyright [1995]
264 #4 - PRODUCCIÓN, PUBLICACIÓN, DISTRIBUCIÓN, MANUFACTURA, Y COPYRIGHT
Fecha de producción, publicación, distribución, manufactura, o copyright © 1995
300 ## - DESCRIPCIÓN FÍSICA
Extensión 345 páginas ;
Dimensiones 24 cm.
336 ## - TIPO DE CONTENIDO
Término de tipo de contenido texto
Código de tipo de contenido txt
Fuente rdacontent.
337 ## - TIPO DE MEDIO
Nombre del tipo de medio sin mediación
Código del tipo de medio n
Fuente rdamedia.
338 ## - TIPO DE SOPORTE
Nombre del tipo de soporte volumen
Código Tipo de soporte nc
Fuente rdacarrier.
504 ## - NOTA DE BIBLIOGRAFÍA, ETC.
Nota de bibliografía, etc Incluye referencias bibliográficas (p. 329-340) e índice.
505 ## - NOTA DE CONTENIDO
Nota de contenido con formato preestablecido El dilema del darwinismo -- Donde Darwin se equivocó por primera vez con respecto al hombre -- "¿Pero qué pasa con la guerra, la pestilencia y todo eso?" -- Población, privilegio y el retiro de Malthus -- Un caballo en el baño, o la lucha por la vida -- Tax y la chica egoísta, o ¿El "altruismo" necesita comillas? -- Calvinismo genético, o demonios y Dawkins -- "Él no es pesado, es mi hermano", o altruismo y genes compartidos -- Una nueva religión -- La venganza de Paley, o el propósito recuperado --<br/>Errores de herencia, o la irrelevancia del darwinismo a la vida humana. Impuesto y el.
520 ## - NOTA DE RESUMEN, ETC.
Nota de sumario, etc. El autor, si bien reconoce que la teoría de la selección natural es históricamente la teoría biológica más exitosa, piensa que también es uno de los dogmas científicos contemporáneos más exagerados. Proporciona un inventario penetrante de las "afirmaciones increíbles" del darwinismo desde sus inicios en el siglo XIX hasta los neodarwinistas contemporáneos como EO Wilson y Richard Dawkins.
563 ## - NOTA DE ENCUADERNACIÓN
Nota de encuadernación Rústico
653 ## - TÉRMINO DE INDIZACIÓN - NO CONTROLADO
Término no controlado Evolución
653 ## - TÉRMINO DE INDIZACIÓN - NO CONTROLADO
Término no controlado Darwinismo social
700 ## - ASIENTO SECUNDARIO - NOMBRE PERSONAL
9 (RLIN) 6358
Nombre personal Kimball, Roger,
Responsabilidad introductor
942 ## - TIPO DE MATERIAL (KOHA)
Tipo de Item KOHA Libros General
945 ## - INFORMACIÓN LOCAL DEL REGISTRO
Catalogador JTF-925
Existencias
Estado de Material Estado de Perdido Forma de Clasificación Estado de Dañado No para Préstamo Colección Biblioteca de Origen Biblioteca Permanente Fecha de Adquisición Área Total de Préstamos Signatura Topográfica Código de Barras Última vez visto Ejemplar/Existencia Fecha de Remplazo Tipo de Material
    Dewey Decimal Classification     Colección General Biblioteca FUSBC Biblioteca FUSBC 26/03/2022 SOCIOLOGIA   G 303.4 ST889d 21716 26/03/2022 Ej.1 26/03/2022 Libros General

Biblioteca FUSBC | Teléfono: (57+4) 349 88 10 Ext. 141| WhatsApp (+57) 3005338115 
E-mail: biblioteca@unisbc.edu.co | Calle 76 87-14 Robledo Palenque, Medellín, Colombia

Con tecnología Koha